[Event "HUN-chT2 Erkel 1213"]
[Site "Hungary"]
[Date "2012.12.02"]
[Round "5.2"]
[White "Kormos, Adam"]
[Black "Bencze, Laszlo"]
[Result "0-1"]
[WhiteElo "2227"]
[BlackElo "2200"]
[PlyCount "126"]
[EventDate "2012.09.16"]
[EventType "team-tourn"]
[EventRounds "11"]
[EventCountry "HUN"]
[SourceTitle "EXT 2014"]
[Source "ChessBase"]
[SourceDate "2013.11.20"]
[SourceVersion "1"]
[SourceVersionDate "2013.11.20"]
[SourceQuality "1"]
[WhiteTeam "BEAC II"]
[BlackTeam "Dunaharaszti"]
[WhiteTeamCountry "HUN"]
[BlackTeamCountry "HUN"]

1. e4 c6 2. c4 d5 3. cxd5 cxd5 4. exd5 Nf6 5. Qa4+ Bd7 6. Qb3 Bc8 7. Nc3 g6 8. Bc4 Bg7 9. Nf3 0-0 10. 0-0 Nbd7 11. Re1 Nb6 12. d3 Bg4 13. Ng5 Ne8 14. a4 Nd6 15. a5 Nbxc4 16. dxc4 Rc8 17. Ra4 Bd7 18. Rb4 Qxa5 19. Be3 b6 20. Nge4 Nf5 21. Nb5 Bxb5 22. cxb5 Rfd8 23. Nd2 Rxd5 24. Nc4 Rxc4 25. Qxc4 Nxe3 26. fxe3 Rc5 27. Qb3 Rxb5 28. Rf1 Rf5 29. Rd1 b5 30. Re4 Bf6 31. Qc2 h5 32. b4 Qa3 33. Qd2 e6 34. Qd6 Qa2 35. Rf4 Rxf4 36. Qxf4 Kg7 37. Rf1 Qb2 38. Kh1 Qe5 39. Qf3 Qf5 40. Qe2 Qe4 41. Qxb5 Qxe3 42. Qc5 Qd3 43. Qf2 Qd4 44. Qf3 Qd8 45. b5 Qe7 46. g3 Bd4 47. Qf4 Qd7 48. Qe4 Bf6 49. Kg2 Qxb5 50. Rxf6 Kxf6 51. Qd4+ e5 52. Qxa7 Qd5+ 53. Kh3 Qf3 54. Qa6+ Kg5 55. Qa1 e4 56. Qc1+ e3 57. Qe1 h4 58. Qa1 hxg3 59. hxg3 e2 60. Qc1+ Kh5 61. Qc5+ g5 62. Kh2 e1B 63. g4+ Qxg4 0-1

[Event "HUN-chT2 Maroczy 1011"]
[Site "Hungary"]
[Date "2011.03.27"]
[Round "7"]
[White "Runda, Mate Bence"]
[Black "Bencze, Laszlo"]
[Result "1/2-1/2"]
[WhiteElo "1866"]
[BlackElo "2213"]
[PlyCount "83"]
[EventDate "2010.09.12"]
[EventType "team-tourn"]
[EventRounds "11"]
[EventCountry "HUN"]
[SourceTitle "EXT 2012"]
[Source "ChessBase"]
[SourceDate "2011.11.24"]
[SourceVersion "1"]
[SourceVersionDate "2011.11.24"]
[SourceQuality "1"]
[WhiteTeam "Miskolc EMSE"]
[BlackTeam "Dunaharaszti"]
[WhiteTeamCountry "HUN"]
[BlackTeamCountry "HUN"]

1. e4 c6 2. d4 d5 3. exd5 cxd5 4. Bd3 Nf6 5. c3 g6 6. Nf3 Bg7 7. 0-0 0-0 8. Re1 Nc6 9. h3 Qc7 10. Bd2 Nh5 11. Qc1 e5 12. dxe5 Nxe5 13. Nxe5 Bxe5 14. Na3 Bd7 15. Nb5 Bxb5 16. Bxb5 a6 17. Be2 Nf6 18. Bf3 Rfe8 19. Bg5 Ne4 20. Bxe4 dxe4 21. Qc2 Qc6 22. Rad1 Bg7 23. Qd2 Qe6 24. Qd5 h6 25. Be3 b5 26. Qxe6 Rxe6 27. Rd7 Rae8 28. Red1 R8e7 29. Rxe7 Rxe7 30. Rd6 Re6 31. Rxe6 fxe6 32. Kf1 Kf7 33. Ke2 h5 34. Bg5 Bf8 35. Be3 Kf6 36. g4 hxg4 37. hxg4 Ke5 38. b3 Kd5 39. Bd4 Be7 40. Be3 Bf6 41. Kd2 Be5 42. Kc2 1/2-1/2

[Event "Berekfurdo op-A 4th"]
[Site "Berekfurdo"]
[Date "2010.09.05"]
[Round "7"]
[White "Bencze, Laszlo"]
[Black "Juhasz, Bela"]
[Result "1-0"]
[WhiteElo "2213"]
[BlackElo "2184"]
[PlyCount "59"]
[EventDate "2010.09.02"]
[EventType "swiss"]
[EventRounds "7"]
[EventCountry "HUN"]
[SourceTitle "CBM 138 Extra"]
[Source "ChessBase"]
[SourceDate "2010.10.29"]
[SourceVersion "1"]
[SourceVersionDate "2010.10.29"]
[SourceQuality "1"]

1. d4 d5 2. Bf4 Nf6 3. e3 c5 4. c3 Qb6 5. Qb3 c4 6. Qc2 g6 7. Nd2 Bf5 8. Qc1 Nc6 9. Ngf3 Rc8 10. h3 h5 11. Nh4 Bd7 12. b3 cxb3 13. axb3 a5 14. Qb2 Bg7 15. Bd3 Na7 16. 0-0 Bb5 17. c4 Bxc4 18. Bxc4 dxc4 19. Rfc1 cxb3 20. Rxc8+ Nxc8 21. Nxb3 Nd5 22. Bg3 Nd6 23. Rxa5 Nc4 24. Ra8+ Kd7 25. Nc5+ Kc6 26. Qa2 Rxa8 27. Qxa8 Nd6 28. Bxd6 Kxd6 29. Nxb7+ Kc7 30. Qd8+ 1-0

[Event "HUN-chT 0910"]
[Site "Hungary"]
[Date "2010.02.28"]
[Round "7"]
[White "Molnar, Bela"]
[Black "Bencze, Laszlo"]
[Result "1/2-1/2"]
[WhiteElo "2354"]
[BlackElo "2251"]
[PlyCount "135"]
[EventDate "2009.11.08"]
[EventType "team-tourn"]
[EventRounds "11"]
[EventCountry "HUN"]
[SourceTitle "EXT 2011"]
[Source "ChessBase"]
[SourceDate "2010.11.26"]
[SourceVersion "1"]
[SourceVersionDate "2010.11.26"]
[SourceQuality "1"]
[WhiteTeam "Paks"]
[BlackTeam "Dunaharaszti"]
[WhiteTeamCountry "HUN"]
[BlackTeamCountry "HUN"]

1. c4 Nf6 2. Nc3 g6 3. e4 d6 4. d4 Bg7 5. Be2 c6 6. Be3 a6 7. f4 d5 8. e5 Ng8 9. Qb3 dxc4 10. Bxc4 Nh6 11. Nf3 b5 12. Be2 Be6 13. Qc2 0-0 14. h3 Nd7 15. Ng5 Bd5 16. 0-0 f6 17. Nge4 Nf5 18. Bf2 Rc8 19. Rad1 Kh8 20. g4 Nh6 21. Be3 f5 22. Ng5 e6 23. Rc1 Nb6 24. Nxd5 cxd5 25. Qd3 Qd7 26. b3 Nf7 27. Nf3 Rxc1 28. Bxc1 Rb8 29. Ba3 Kg8 30. Bc5 Bf8 31. Kh2 Qe8 32. Rg1 Kh8 33. Nd2 Nd7 34. b4 Nb6 35. gxf5 exf5 36. Qg3 Qe6 37. Nf3 Nc4 38. h4 Ne3 39. Ne1 Nc4 40. Bxf8 Rxf8 41. Nd3 Nd2 42. h5 Ne4 43. Qh4 Rg8 44. hxg6 Rxg6 45. Rxg6 Qxg6 46. Nc5 Nh6 47. Nxe4 fxe4 48. Bh5 Qc6 49. Qd8+ Kg7 50. Qe7+ Kg8 51. Qg5+ Kf8 52. Qd8+ Kg7 53. Qe7+ Kg8 54. Qc5 Qe6 55. Kg1 Qh3 56. Qxd5+ Kg7 57. Qb7+ Kh8 58. Qxe4 Qxh5 59. d5 Qg4+ 60. Kf2 Nf5 61. Qf3 Qh4+ 62. Kf1 Qh2 63. d6 Qd2 64. a3 Ne3+ 65. Kg1 Qe1+ 66. Kh2 Qh4+ 67. Kg1 Qe1+ 68. Kh2 1/2-1/2

[Event "HUN-chT 0910"]
[Site "Hungary"]
[Date "2009.11.22"]
[Round "2"]
[White "Madl, Ildiko"]
[Black "Bencze, Laszlo"]
[Result "1-0"]
[WhiteElo "2386"]
[BlackElo "2251"]
[PlyCount "83"]
[EventDate "2009.11.08"]
[EventType "team-tourn"]
[EventRounds "11"]
[EventCountry "HUN"]
[SourceTitle "EXT 2011"]
[Source "ChessBase"]
[SourceDate "2010.11.26"]
[SourceVersion "1"]
[SourceVersionDate "2010.11.26"]
[SourceQuality "1"]
[WhiteTeam "Csuti"]
[BlackTeam "Dunaharaszti"]
[WhiteTeamCountry "HUN"]
[BlackTeamCountry "HUN"]

1. e4 e6 2. d4 d5 3. Nc3 a6 4. Bd3 Nf6 5. Nf3 c5 6. exd5 exd5 7. dxc5 Bxc5 8. 0-0 0-0 9. Bg5 Be6 10. Qd2 Nbd7 11. h3 Re8 12. a3 Be7 13. Rfe1 Nc5 14. Rad1 h6 15. Bf4 Bd6 16. Be5 Bxe5 17. Rxe5 Qb6 18. b4 Ncd7 19. Re3 a5 20. Bb5 axb4 21. axb4 Qd6 22. Na4 Red8 23. Qe1 Nf8 24. Nc5 Qb6 25. Nd4 Bd7 26. Nxd7 N8xd7 27. Re7 Nf8 28. Re3 Rac8 29. c3 Ne4 30. c4 Ng5 31. c5 Qc7 32. Nf5 Nfe6 33. Nd6 Ra8 34. Rxd5 b6 35. h4 bxc5 36. bxc5 Nh7 37. Rxe6 fxe6 38. Qxe6+ Kf8 39. Rf5+ Nf6 40. Rxf6+ gxf6 41. Qxf6+ Kg8 42. Qg6+ 1-0

[Event "HUN-chT2 Maroczy 0809"]
[Site "Hungary"]
[Date "2009.04.19"]
[Round "11"]
[White "Toth, Sarolta"]
[Black "Bencze, Laszlo"]
[Result "1/2-1/2"]
[WhiteElo "2154"]
[BlackElo "2292"]
[PlyCount "23"]
[EventDate "2008.10.26"]
[EventType "team-tourn"]
[EventRounds "11"]
[EventCountry "HUN"]
[SourceTitle "EXT 2010"]
[Source "ChessBase"]
[SourceDate "2010.11.25"]
[SourceVersion "1"]
[SourceVersionDate "2010.11.25"]
[SourceQuality "1"]
[WhiteTeam "Oroshaza"]
[BlackTeam "Dunaharaszti"]
[WhiteTeamCountry "HUN"]
[BlackTeamCountry "HUN"]

1. Nf3 c5 2. c4 Nc6 3. d4 cxd4 4. Nxd4 Nf6 5. Nc3 g6 6. e4 d6 7. Be2 Bg7 8. Be3 Bd7 9. 0-0 0-0 10. f3 a6 11. Qd2 Rc8 12. Rac1 1/2-1/2

[Event "HUN-chT2 Maroczy 0809"]
[Site "Hungary"]
[Date "2009.02.08"]
[Round "7"]
[White "Halasz, Tamas"]
[Black "Bencze, Laszlo"]
[Result "1-0"]
[WhiteElo "2341"]
[BlackElo "2292"]
[PlyCount "103"]
[EventDate "2008.10.26"]
[EventType "team-tourn"]
[EventRounds "11"]
[EventCountry "HUN"]
[SourceTitle "EXT 2010"]
[Source "ChessBase"]
[SourceDate "2010.11.25"]
[SourceVersion "1"]
[SourceVersionDate "2010.11.25"]
[SourceQuality "1"]
[WhiteTeam "Miskolc EMSE"]
[BlackTeam "Dunaharaszti"]
[WhiteTeamCountry "HUN"]
[BlackTeamCountry "HUN"]

1. d4 Nf6 2. Nf3 g6 3. c4 Bg7 4. Nc3 0-0 5. e4 d6 6. Be2 e5 7. 0-0 Nbd7 8. Be3 Ng4 9. Bg5 f6 10. Bc1 c6 11. d5 Qe7 12. Ne1 Nh6 13. Nd3 c5 14. Rb1 f5 15. f3 Nf7 16. b4 cxb4 17. Rxb4 Nc5 18. Nxc5 dxc5 19. Rb3 Nd6 20. a4 Bd7 21. Be3 Rac8 22. a5 Qd8 23. Qa1 Rf7 24. Bd3 Bf6 25. Qa3 Be7 26. Rfb1 Be8 27. exf5 gxf5 28. f4 e4 29. Be2 Qc7 30. Kh1 Rg7 31. Qa2 Bf6 32. Nd1 Qd8 33. Qd2 Ba4 34. Ra3 Bxd1 35. Qxd1 Rcc7 36. Qg1 Qc8 37. Bf2 Kh8 38. Rbb3 Rg6 39. Rg3 Rxg3 40. Rxg3 b6 41. axb6 axb6 42. Rb3 Qa6 43. Qc1 Qa2 44. Rxb6 Qxe2 45. Rxd6 Be7 46. Rc6 Ra7 47. Qg1 Ra2 48. d6 Bxd6 49. Bd4+ Kg8 50. Rxd6 cxd4 51. Rxd4 Rc2 52. Rd8+ 1-0

[Event "HUN-chT2 Maroczy 0809"]
[Site "Hungary"]
[Date "2008.11.30"]
[Round "3"]
[White "Bencze, Laszlo"]
[Black "Valis, Janos"]
[Result "1-0"]
[WhiteElo "2292"]
[BlackElo "2105"]
[PlyCount "123"]
[EventDate "2008.10.26"]
[EventType "team-tourn"]
[EventRounds "11"]
[EventCountry "HUN"]
[SourceTitle "EXT 2010"]
[Source "ChessBase"]
[SourceDate "2010.11.25"]
[SourceVersion "1"]
[SourceVersionDate "2010.11.25"]
[SourceQuality "1"]
[WhiteTeam "Dunaharaszti"]
[BlackTeam "Husi"]
[WhiteTeamCountry "HUN"]
[BlackTeamCountry "HUN"]

1. d4 Nf6 2. Nf3 g6 3. Bg5 Bg7 4. c3 b6 5. Nbd2 Bb7 6. Qc2 d5 7. e3 0-0 8. Ne5 c5 9. Be2 Nc6 10. Bf4 cxd4 11. exd4 Qc8 12. Nxc6 Bxc6 13. Be5 Ne4 14. Bxg7 Kxg7 15. 0-0 Qd7 16. Rfe1 e6 17. Nf3 f6 18. Bd3 Nd6 19. Re2 Rfe8 20. Rae1 Re7 21. h4 Bb5 22. Nh2 Rae8 23. Bxb5 Qxb5 24. Nf3 Qc6 25. Qc1 Nf7 26. Qf4 Qd6 27. Qd2 h6 28. Qc2 Qf4 29. Re3 Nd6 30. g3 Qg4 31. Kg2 Nf5 32. R3e2 e5 33. dxe5 fxe5 34. Nh2 Qc4 35. h5 e4 36. hxg6 Kxg6 37. Rd2 Kg7 38. Qb3 e3 39. Qxc4 dxc4 40. Rd5 Kg6 41. g4 Ng7 42. f4 Re4 43. Kg3 Kh7 44. Nf3 Ne6 45. Re5 Rxf4 46. R1xe3 Rg8 47. Rxe6 Rfxg4+ 48. Kf2 Rg2+ 49. Kf1 Rxb2 50. Re2 Rxe2 51. Rxe2 Rg7 52. Re5 a6 53. a4 Kg8 54. Kf2 Kf7 55. Rd5 Ke6 56. Rh5 Rg6 57. Nd4+ Kd7 58. Kf3 Kc7 59. Rh3 Kd6 60. Ke3 Rf6 61. Ke4 Kc7 62. Kd5 1-0

[Event "HUN-chT2 Charousek 0708"]
[Site "Hungary"]
[Date "2008.04.27"]
[Round "10"]
[White "Bencze, Laszlo"]
[Black "Amrein, Roland"]
[Result "1-0"]
[WhiteElo "2257"]
[BlackElo "2243"]
[PlyCount "113"]
[EventDate "2007.10.14"]
[EventType "team"]
[EventRounds "11"]
[EventCountry "HUN"]
[SourceTitle "EXT 2009"]
[Source "ChessBase"]
[SourceDate "2008.11.26"]
[SourceVersion "1"]
[SourceVersionDate "2008.11.26"]
[SourceQuality "1"]
[WhiteTeam "Dunaharaszti"]
[BlackTeam "Pannonpower"]
[WhiteTeamCountry "HUN"]
[BlackTeamCountry "HUN"]

1. d4 f5 2. Bg5 h6 3. Bh4 g5 4. Bg3 Rh7 5. e3 c5 6. c3 cxd4 7. cxd4 Rf7 8. Bxb8 Rxb8 9. Nc3 Nf6 10. Nf3 e6 11. Ne5 Rg7 12. Be2 Bb4 13. Qb3 Bxc3+ 14. bxc3 d6 15. Nd3 Qa5 16. 0-0 Rc7 17. Rfc1 Bd7 18. c4 Ne4 19. Qb2 Kf7 20. f3 Nf6 21. Rc3 Ba4 22. Ra3 b5 23. Qb4 Qa6 24. cxb5 Nd5 25. bxa6 Nxb4 26. Rxa4 Nd5 27. Bf1 Nxe3 28. Re1 Nd5 29. Kf2 Rc2+ 30. Re2 Rc3 31. Rd2 Rb1 32. Be2 Rc6 33. Ra3 Kf6 34. g3 e5 35. dxe5+ dxe5 36. Ra5 Nc3 37. Nxe5 Rc7 38. Nd7+ Rxd7 39. Rxd7 Rb2 40. Rc5 Nxe2 41. Rd6+ Ke7 42. Rxh6 Nd4+ 43. Ke3 Nc2+ 44. Kd3 Ne1+ 45. Kc4 Rc2+ 46. Kb5 Rb2+ 47. Kc4 Rc2+ 48. Kd5 Rd2+ 49. Kc6 Nxf3 50. Kb7 Rd7+ 51. Rc7 Rxc7+ 52. Kxc7 f4 53. Kb7 Ne5 54. gxf4 gxf4 55. Rh4 f3 56. Rf4 Kd7 57. h4 1-0

[Event "HUN-chT2 Charousek 0708"]
[Site "Hungary"]
[Date "2008.03.02"]
[Round "7"]
[White "Biro, David"]
[Black "Bencze, Laszlo"]
[Result "0-1"]
[WhiteElo "2208"]
[BlackElo "2257"]
[PlyCount "96"]
[EventDate "2007.10.14"]
[EventType "team"]
[EventRounds "11"]
[EventCountry "HUN"]
[SourceTitle "EXT 2009"]
[Source "ChessBase"]
[SourceDate "2008.11.26"]
[SourceVersion "1"]
[SourceVersionDate "2008.11.26"]
[SourceQuality "1"]
[WhiteTeam "Husi"]
[BlackTeam "Dunaharaszti"]
[WhiteTeamCountry "HUN"]
[BlackTeamCountry "HUN"]

1. d4 Nf6 2. c4 g6 3. Nc3 Bg7 4. e4 d6 5. f3 Nbd7 6. Be3 c5 7. Nge2 a6 8. Qd2 Qa5 9. Nc1 Qc7 10. Nb3 b6 11. d5 Ne5 12. f4 Neg4 13. Bg1 Nh5 14. Be2 f5 15. exf5 gxf5 16. g3 Nhf6 17. h3 Nh6 18. 0-0-0 Bd7 19. Re1 0-0-0 20. Bf3 Rde8 21. Rh2 b5 22. Qd3 Qb6 23. Nd2 Rhg8 24. Rhe2 Bf8 25. Bf2 Qa5 26. Kb1 Kd8 27. Ka1 Qb4 28. a3 Qa5 29. Nb3 Qb6 30. Nd2 Qa5 31. Ka2 b4 32. Ncb1 Bg7 33. Re3 Rh8 34. Qe2 Nhg8 35. g4 fxg4 36. hxg4 h5 37. g5 Ng4 38. Bxg4 Bxg4 39. Qd3 Qc7 40. Qb3 a5 41. Nf3 Qd7 42. a4 e6 43. Nbd2 Re7 44. dxe6 Rxe6 45. Rxe6 Bxe6 46. Qe3 Qxa4+ 47. Kb1 Bf5+ 48. Ne4 b3 0-1

[Event "HUN-chT2 Charousek 0708"]
[Site "Hungary"]
[Date "2008.02.17"]
[Round "6"]
[White "Joo, Gabor"]
[Black "Bencze, Laszlo"]
[Result "0-1"]
[WhiteElo "2126"]
[BlackElo "2257"]
[PlyCount "132"]
[EventDate "2007.10.14"]
[EventType "team"]
[EventRounds "11"]
[EventCountry "HUN"]
[SourceTitle "EXT 2009"]
[Source "ChessBase"]
[SourceDate "2008.11.26"]
[SourceVersion "1"]
[SourceVersionDate "2008.11.26"]
[SourceQuality "1"]
[WhiteTeam "Haladas II"]
[BlackTeam "Dunaharaszti"]
[WhiteTeamCountry "HUN"]
[BlackTeamCountry "HUN"]

1. e4 c6 2. d4 Na6 3. c4 d6 4. Nf3 Bg4 5. Be2 e5 6. 0-0 Qb6 7. dxe5 Bxf3 8. Bxf3 dxe5 9. Nc3 Nc5 10. Na4 Qc7 11. Nxc5 Bxc5 12. Qb3 Qb6 13. Qxb6 axb6 14. a3 Bd4 15. Rb1 Nf6 16. Re1 Nd7 17. Be3 Bxe3 18. Rxe3 Nc5 19. Bg4 Rd8 20. b4 Nd7 21. Rd1 Nf6 22. Rxd8+ Kxd8 23. Rd3+ Kc7 24. Bf3 h5 25. g3 Nd7 26. Bg2 Ra8 27. f4 Re8 28. f5 Ra8 29. Bf3 Nf6 30. h3 Rh8 31. Kg2 h4 32. g4 Nh7 33. Kf2 Ng5 34. Bg2 Ra8 35. Ke3 f6 36. Kd2 Nf7 37. Kc2 Nd6 38. Kb3 b5 39. c5 Nc4 40. Ka2 b6 41. cxb6+ Kxb6 42. Bf1 Kc7 43. Rc3 Nd6 44. Bd3 Kb6 45. Bc2 Kc7 46. Bd3 Kb6 47. Bc2 Rd8 48. Rd3 Kc7 49. Rd2 Nf7 50. Re2 Ng5 51. Kb3 Rd4 52. Re3 Rd2 53. Bd3 Rf2 54. Kc3 Kb6 55. Be2 Nxh3 56. Rxh3 Rxe2 57. Kd3 Ra2 58. Rxh4 Rxa3+ 59. Kc2 Rg3 60. Kd2 c5 61. bxc5+ Kxc5 62. Ke2 Kd4 63. Kf2 Rc3 64. Rh7 Rc7 65. Kf3 b4 66. Rh1 Rc3+ 0-1

[Event "HUN-chT2 Charousek 0708"]
[Site "Hungary"]
[Date "2007.12.09"]
[Round "4"]
[White "Sardy, Peter"]
[Black "Bencze, Laszlo"]
[Result "1/2-1/2"]
[WhiteElo "2339"]
[BlackElo "2257"]
[PlyCount "154"]
[EventDate "2007.10.14"]
[EventType "team"]
[EventRounds "11"]
[EventCountry "HUN"]
[SourceTitle "EXT 2009"]
[Source "ChessBase"]
[SourceDate "2008.11.26"]
[SourceVersion "1"]
[SourceVersionDate "2008.11.26"]
[SourceQuality "1"]
[WhiteTeam "Lovo"]
[BlackTeam "Dunaharaszti"]
[WhiteTeamCountry "HUN"]
[BlackTeamCountry "HUN"]

1. e4 e6 2. d4 d5 3. Nc3 Bb4 4. e5 Ne7 5. a3 Bxc3+ 6. bxc3 b6 7. Qg4 Ng6 8. h4 h5 9. Qg3 Ba6 10. Ne2 Qd7 11. a4 Bc4 12. Qf3 Ne7 13. a5 Nbc6 14. axb6 cxb6 15. Ba3 Nf5 16. Ng3 Bxf1 17. Nxf5 exf5 18. Kxf1 Na5 19. Bd6 Qb5+ 20. Kg1 g6 21. Qg3 Qd7 22. Kh2 Nc4 23. Rhe1 Qe6 24. Reb1 Kd7 25. Ba3 Rhc8 26. Bc1 a6 27. Qf3 b5 28. Bf4 Kc6 29. Qd1 Kb7 30. Qf3 Rc6 31. Ra2 Rac8 32. Rb3 Rb6 33. Qd1 Qd7 34. Bc1 Re6 35. Ba3 Rec6 36. Bc5 Re6 37. f4 f6 38. Bb4 fxe5 39. dxe5 Nb6 40. Bd6 Qc6 41. Rba3 Ra8 42. Rb3 Nc4 43. Ba3 Nb6 44. Bc1 Qc5 45. Qf3 Nc4 46. Ba3 Qc6 47. Qd3 Rc8 48. Qd4 Nb6 49. Bc1 Qc4 50. Qf2 Na4 51. Raa3 Nc5 52. Rb4 Ne4 53. Qe1 Qc6 54. Bb2 Qd7 55. Qd1 Rec6 56. Rd4 Rd8 57. Rb3 Rc4 58. Qd3 Nc5 59. Qe3 Nxb3 60. cxb3 Rxd4 61. Qxd4 Qc6 62. Ba3 Rc8 63. Bb4 Ra8 64. Ba5 Qe6 65. Kh3 Rc8 66. Kh2 Rc6 67. Kh3 Ka8 68. Kg3 Kb7 69. Kh3 Qd7 70. Kg3 Re6 71. Kf3 Rc6 72. Kg3 Qf7 73. Kh3 Kc8 74. Kg3 Qb7 75. Kh2 Qe7 76. Kh3 Qc5 77. Qd3 Re6 1/2-1/2

[Event "HUN-chT2 Maroczy 0607"]
[Site "Hungary"]
[Date "2007.03.25"]
[Round "7"]
[White "Bencze, Laszlo"]
[Black "Dobai, Szabolcs"]
[Result "1/2-1/2"]
[WhiteElo "2314"]
[BlackElo "2160"]
[PlyCount "116"]
[EventDate "2006.11.12"]
[EventType "team"]
[EventRounds "11"]
[EventCountry "HUN"]
[SourceTitle "EXT 2008"]
[Source "ChessBase"]
[SourceDate "2007.11.25"]
[SourceVersion "1"]
[SourceVersionDate "2007.11.25"]
[SourceQuality "1"]
[WhiteTeam "Dunaharaszti"]
[BlackTeam "Miskolc EMSE"]
[WhiteTeamCountry "HUN"]
[BlackTeamCountry "HUN"]

1. d4 Nf6 2. Nf3 c5 3. d5 d6 4. Nc3 g6 5. g3 Bg7 6. Bg2 0-0 7. 0-0 Na6 8. Nd2 Nc7 9. a4 b6 10. Nc4 Rb8 11. Re1 a6 12. e4 Ng4 13. a5 b5 14. Nb6 Bd4 15. Rf1 Bg7 16. Bg5 Ne5 17. Qc1 Re8 18. Kh1 Bd7 19. Nd1 Nc4 20. Nxc4 bxc4 21. Bh6 e6 22. Bxg7 Kxg7 23. Ne3 exd5 24. exd5 Bb5 25. Qd2 h5 26. Qc3+ Qf6 27. Qxf6+ Kxf6 28. Rfd1 Re5 29. Ra3 Rbe8 30. Bf3 Kg7 31. h4 f5 32. Rc3 Rb8 33. Kg2 Ne8 34. Rb1 Nf6 35. b3 cxb3 36. Rcxb3 Rbe8 37. c4 Rxe3 38. Rxe3 Bxc4 39. Rb7+ Kf8 40. Re6 Rxe6 41. dxe6 Ne4 42. e7+ Ke8 43. Kg1 d5 44. Rc7 d4 45. Bxe4 fxe4 46. Rxc5 Be2 47. Rd5 d3 48. Kg2 Kxe7 49. g4 hxg4 50. Kg3 Ke6 51. Rd8 Ke5 52. Rd7 Bf3 53. Rd8 e3 54. Rxd3 e2 55. Re3+ Kd4 56. Kf4 Kc4 57. Ke5 Kc5 58. Kf4 Kd4 1/2-1/2

[Event "HUN-chT2 Maroczy 0607"]
[Site "Hungary"]
[Date "2007.02.18"]
[Round "5"]
[White "Bencze, Laszlo"]
[Black "Szabo, Balazs"]
[Result "0-1"]
[WhiteElo "2314"]
[BlackElo "2252"]
[PlyCount "106"]
[EventDate "2006.11.12"]
[EventType "team"]
[EventRounds "11"]
[EventCountry "HUN"]
[SourceTitle "EXT 2008"]
[Source "ChessBase"]
[SourceDate "2007.11.25"]
[SourceVersion "1"]
[SourceVersionDate "2007.11.25"]
[SourceQuality "1"]
[WhiteTeam "Dunaharaszti"]
[BlackTeam "Matra"]
[WhiteTeamCountry "HUN"]
[BlackTeamCountry "HUN"]

1. c4 g6 2. g3 Bg7 3. Bg2 Nf6 4. Nc3 0-0 5. e4 d6 6. Nge2 e5 7. 0-0 c6 8. b3 Na6 9. Bb2 Nc5 10. Qc2 a5 11. h3 Qb6 12. Kh2 a4 13. bxa4 Qb4 14. d3 Nxa4 15. Nxa4 Qxa4 16. Qxa4 Rxa4 17. Nc3 Ra6 18. a4 Nd7 19. Ba3 Nc5 20. Rfd1 Bf6 21. Bb4 Bd8 22. a5 Bc7 23. Ra3 Bd7 24. Ne2 Rfa8 25. Rda1 Ne6 26. Kg1 c5 27. Bd2 b6 28. f4 bxa5 29. Nc3 Nd4 30. Nd5 Bd8 31. Rb1 Nc2 32. Ra2 Nb4 33. Ra3 Bc6 34. Bf1 Bxd5 35. cxd5 Nc2 36. Ra2 Nd4 37. fxe5 dxe5 38. Bc3 a4 39. h4 a3 40. Bh3 Rb6 41. Rxb6 Bxb6 42. Kf1 Kf8 43. Bd7 Ke7 44. Bxd4 cxd4 45. Bc6 Ra7 46. Ke2 Bc5 47. Kd2 Bb4+ 48. Kc2 Bc3 49. Kb3 Bb2 50. Kc4 Kd6 51. g4 f5 52. gxf5 gxf5 53. exf5 Rf7 0-1

[Event "HUN-chT2 Maroczy 0506"]
[Site "Hungary"]
[Date "2006.04.23"]
[Round "11"]
[White "Braun, Marton"]
[Black "Bencze, Laszlo"]
[Result "1/2-1/2"]
[WhiteElo "2241"]
[BlackElo "2332"]
[PlyCount "71"]
[EventDate "2005.10.16"]
[EventType "team"]
[EventRounds "11"]
[EventCountry "HUN"]
[SourceTitle "EXT 2009"]
[Source "ChessBase"]
[SourceDate "2008.11.26"]
[SourceVersion "1"]
[SourceVersionDate "2008.11.26"]
[SourceQuality "1"]
[WhiteTeam "Sarospatak"]
[BlackTeam "Dunaharaszti"]
[WhiteTeamCountry "HUN"]
[BlackTeamCountry "HUN"]

1. d4 Nf6 2. c4 e6 3. Nc3 Bb4 4. e3 0-0 5. Bd3 d5 6. cxd5 exd5 7. Nge2 a5 8. 0-0 Re8 9. Ng3 Nbd7 10. a3 Bf8 11. Qf3 Nb6 12. h3 c6 13. Rd1 Be6 14. Bd2 Nc8 15. Nce2 Nd6 16. Nf4 Nde4 17. Bxe4 dxe4 18. Qe2 Bb3 19. Rdc1 Bd6 20. Nf5 Bc7 21. Bc3 Qd7 22. g4 Nd5 23. Qd2 g6 24. Nxd5 Bxd5 25. Ng3 h5 26. Qe2 hxg4 27. Qxg4 Qxg4 28. hxg4 Kg7 29. Kg2 Rh8 30. Rh1 f6 31. Ne2 g5 32. Ng3 Kg6 33. Rac1 Rac8 34. Rxh8 Rxh8 35. Rh1 Rxh1 36. Kxh1 1/2-1/2

[Event "HUN-chT2 Maroczy 0506"]
[Site "Hungary"]
[Date "2006.01.22"]
[Round "6"]
[White "Kulcsar, Tamas"]
[Black "Bencze, Laszlo"]
[Result "0-1"]
[WhiteElo "2149"]
[BlackElo "2332"]
[PlyCount "84"]
[EventDate "2005.10.16"]
[EventType "team"]
[EventRounds "11"]
[EventCountry "HUN"]
[SourceTitle "EXT 2009"]
[Source "ChessBase"]
[SourceDate "2008.11.26"]
[SourceVersion "1"]
[SourceVersionDate "2008.11.26"]
[SourceQuality "1"]
[WhiteTeam "Vizugy"]
[BlackTeam "Dunaharaszti"]
[WhiteTeamCountry "HUN"]
[BlackTeamCountry "HUN"]

1. d4 c5 2. d5 g6 3. Nf3 d6 4. c4 Bg7 5. e4 Nf6 6. Nc3 Bg4 7. Be2 0-0 8. 0-0 e6 9. dxe6 fxe6 10. Ng5 Bxe2 11. Qxe2 Re8 12. e5 dxe5 13. Nge4 Nxe4 14. Nxe4 Nc6 15. Nxc5 Nd4 16. Qe4 Qc7 17. Nd3 Qxc4 18. Bg5 Rac8 19. Rac1 Qd5 20. Qe3 e4 21. Rxc8 Rxc8 22. Rc1 Rc2 23. Nb4 Rxc1+ 24. Qxc1 Ne2+ 25. Kf1 Nxc1 26. Nxd5 Nxa2 27. Nf6+ Bxf6 28. Bxf6 Nb4 29. Ke2 a6 30. Bd4 Nd5 31. f3 exf3+ 32. Kxf3 Kf7 33. Ke4 Nb4 34. Bc5 Nc6 35. g4 Kf6 36. h4 h5 37. gxh5 gxh5 38. Be3 e5 39. Bg5+ Ke6 40. Be3 Ne7 41. Bb6 Nf5 42. Bc7 Nd6+ 0-1